| 000 | 00813nam a2200241 i 4500 | ||
|---|---|---|---|
| 001 | 165688 | ||
| 003 | ES-MaACL | ||
| 005 | 20250728105432.0 | ||
| 008 | 990420s1875 fr |||| | fre d | ||
| 040 |
_aCCPB | B _bspa _cCCPB | B |
||
| 100 | 1 |
_aSpencer, Herbert, _d1820-1903 _9107684 |
|
| 245 | 1 | 0 |
_aIntroduction a la science sociale / _cpar Herbert Spencer. |
| 250 | _a2e éd. | ||
| 260 |
_aParis : _bLibrairie Germer Baillière, _c1875. |
||
| 300 |
_aVI, 438, 32 p. ; _c21 cm. |
||
| 490 | 1 | _aBibliothèque Scientifique Internationale | |
| 500 | _aCatalogue de livres de fondos, nº 2. | ||
| 597 | _aAntep. | ||
| 650 | 4 |
_aPolítica social. _916308 |
|
| 830 | 0 |
_aBibliothèque Scientifique Internationale _9186949 |
|
| 852 |
_aES-MaACL _jD-4851 _z-- Enc. cart. |
||
| 999 |
_c165688 _d165688 |
||